El lenguaje de los animales / (Record no. 189262)

MARC details
000 -LEADER
campo de control de longitud fija 00853nam a2200253 i 4500
001 - NÚMERO DE CONTROL
campo de control 189262
003 - IDENTIFICADOR DE NÚMERO DE CONTROL
campo de control SpMaBN
005 - FECHA Y HORA DE LA ÚLTIMA TRANSACCIÓN
campo de control 20240105152853.0
008 - DATOS DE LONGITUD FIJA--INFORMACIÓN GENERAL
campo de control de longitud fija 190503s2013 sp |||| | spa d
020 ## - NÚMERO INTERNACIONAL ESTÁNDAR DEL LIBRO
Número Internacional Estándar del Libro 978-84-206-1127-3
080 ## - NÚMERO DE LA CLASIFICACIÓN DECIMAL UNIVERSAL
Número de la Clasificación Decimal Universal 591.58
100 1# - ENTRADA PRINCIPAL--NOMBRE DE PERSONA
Nombre de persona Hart, Stephen.
9 (RLIN) 166962
245 13 - MENCIÓN DEL TÍTULO
Título El lenguaje de los animales /
Mención de responsabilidad, etc. Stephen Hart ; [traducción de María Villagrasa Ferrer].
260 ## - PUBLICACIÓN, DISTRIBUCIÓN, ETC.
Lugar de publicación, distribución, etc. Madrid :
Nombre del editor, distribuidor, etc. Alianza Editorial,
Fecha de publicación, distribución, etc. [2013]
300 ## - DESCRIPCIÓN FÍSICA
Extensión 167 p. ;
Dimensiones 18 cm.
490 1# - MENCIÓN DE SERIE
Mención de serie El libro de bolsillo.
-- Ciencias ;
Designación de volumen o secuencia 18
500 ## - NOTA GENERAL
Nota general Índice.
504 ## - NOTA DE BIBLIOGRAFÍA, ETC.
Nota de bibliografía, etc. Bibliografía: p. 161-162.
650 #7 - PUNTO DE ACCESO ADICIONAL DE MATERIA--TÉRMINO DE MATERIA
Término de materia o nombre geográfico como elemento de entrada Animales-
Subdivisión general Comunicación.
9 (RLIN) 166961
830 0# - PUNTO DE ACCESO ADICIONAL DE SERIE-TÍTULO UNIFORME
Título uniforme El libro de bolsillo.
-- Ciencias ;
Designación de volumen o secuencia 18
9 (RLIN) 225805
852 ## - LOCALIZACIÓN
Ubicación ES-MaACL
Número de control de estantería A-14552
itemnumber 196400
Sublocalización o colección R.152136
Ubicación en estantería Depósito 1
Signatura antigua Olim: N-7552
Donativo/Legado Donación: Editorial
942 ## - ELEMENTOS DE ENTRADA SECUNDARIOS (KOHA)
Fuente del sistema de clasificación o colocación Clasificación decimal universal
Holdings
Estatus retirado Estado de pérdida Estado de daño No para préstamo Biblioteca de origen Biblioteca actual Ubicación en estantería Fecha de adquisición Fuente de adquisición Total de préstamos Signatura topográfica completa Código de barras Visto por última vez Precio de reemplazo Tipo de ítem Koha
        Biblioteca del Ateneo de Madrid Biblioteca del Ateneo de Madrid Sala Pecera Depósito 2 03/05/2019     N-7552 1200486 23/02/2023 23/02/2023 Libro impreso